1142 1741 1185 1254 1477 1024 1894 1609 1595 1520 1446 1302 1294 1381 1908 1104 1745 1628 1328 1828 1012 1472 1233 1369 1382 1053 1517 1104 1401 1767 1720 1359 1717 1394 1868 1850 1073 1788 1404 1135 1045 1615 1544 1373 1203 1253 1011 1388 1599 1773 1002 1347 1945 1384 1291 1134 1708 1900 1467 1197 1412 1595 1063 1151 1764 1128 1547 1844 1610 1841 1747 1238 1724 1707 1410 1863 1355 1246 1439 1079 1322 1971 1683 1361 1040 1195 1176 1242 1571 1092 1854 1804 1412 1627 1448 1055 1915 1640 1839 BCNSPRNW ULIB Ver.6.0+V

เปลี่ยนเป็นภาษาไทย

Change to English
 แสดงรายละเอียดบรรณานุกรม
  กลับหน้าหลัก

Brief Record : Get Marc (ISO 2709) : E-mail record : QR code < ปิดหน้าต่าง
LEADER : 00000nam 2200000uu 4500
001    13399123215
003     ULIB
008    020711s2551 th a 000 0 tha d
020    9789744263377
090    นว.^bภ682ข ล.1
100    ภูระริน จุปะมะตัง
245    ขอให้ฉันอยู่กับเธอตลอดไป เล่ม1/^cภูระริน จุปะมะตัง
250    พิมพ์ครั้งที่ 1
260    กรุงเทพฯ :^bเลมอน กรีน,^c2551
300    330 หน้า;^b21 ซม.
500     มี 2 เล่ม
710    เลมอน กรีน
945    ^p199^l0^i20351
999    ^aทศพร เกษรทอง
รายการนี้ยังไม่มีแท็ก
คุณยังไม่ได้ล็อกอิน คุณสามารถมีกิจกรรมร่วมกับเว็บไซต์ได้ แต่ต้องล็อกอินก่อน ::
  ล็อกอิน

รายการสื่อสารสนเทศ

ลำดับที่ ประเภท เลขเรียก/บาร์โค้ด สถานที่ สถานะ
1. นวนิยาย
นวนิยาย
นว. ภ682ข ล.1 ฉ.1 
  Barcode: 20351
ห้องสมุดวิทยาเขตนครสวรรค์
►นวนิยาย:l:Fiction
บนชั้น
Note: มี 2 เล่ม

รายการใกล้เคียง
    ผู้แต่ง [ภูระริน จุปะมะตัง]

BibComment


ยังไม่เคยถูกคอมเมนท์

คอมเมนท์ทรัพยากรรายการนี้
  คอมเมนท์: ขอให้ฉันอยู่กับเธ..


 Copyright 2026. Bcnsprnw @Library